London hears Billy Graham; (Record no. 2932)

MARC details
000 -LEADER
fixed length control field 00780cam a22002531 4500
001 - CONTROL NUMBER
control field 6521101
003 - CONTROL NUMBER IDENTIFIER
control field GBCCL
005 - DATE AND TIME OF LATEST TRANSACTION
control field 20241126110443.0
008 - FIXED-LENGTH DATA ELEMENTS--GENERAL INFORMATION
fixed length control field 761111s1954 enka 000 0 eng
010 ## -
-- 55022575
015 ## -
-- GB54-12758
035 ## - SYSTEM CONTROL NUMBER
System control number (OCoLC)2553359
040 ## - CATALOGING SOURCE
Original cataloging agency DLC
Transcribing agency IGreviC
Modifying agency Uk
-- DLC
050 00 -
-- BV3785.G69
-- C6
082 00 - DEWEY DECIMAL CLASSIFICATION NUMBER
Classification number 269.2092
-- B
Item number COO
100 1# - MAIN ENTRY--PERSONAL NAME
Personal name Cook, Charles Thomas,
Dates associated with a name 1886-
9 (RLIN) 6114
245 10 - TITLE STATEMENT
Title London hears Billy Graham;
Remainder of title the greater London crusade.
Statement of responsibility, etc. Foreword by Hugh R. Gough.
260 ## - PUBLICATION, DISTRIBUTION, ETC.
Place of publication, distribution, etc. London,
Name of publisher, distributor, etc. Marshall, Morgan & Scott
Date of publication, distribution, etc. [1954]
300 ## - PHYSICAL DESCRIPTION
Extent 127 p.
Other physical details illus.
Dimensions 22cm.
600 10 - SUBJECT ADDED ENTRY--PERSONAL NAME
Personal name Graham, Billy,
Dates associated with a name 1918-
9 (RLIN) 449
650 #0 - SUBJECT ADDED ENTRY--TOPICAL TERM
Topical term or geographic name entry element Revivals
Geographic subdivision Great Britain.
9 (RLIN) 6115
906 ## - LOCAL DATA ELEMENT F, LDF (RLIN)
a 7
b cbc
c oclcrpl
d u
e ncip
f 19
g y-gencatlg
942 ## - ADDED ENTRY ELEMENTS (KOHA)
Source of classification or shelving scheme Dewey Decimal Classification
Koha item type Books
Holdings
Withdrawn status Lost status Source of classification or shelving scheme Damaged status Not for loan Home library Current Library Shelving location Date acquired Total checkouts Full call number Barcode Date last seen Copy number Price effective from Koha item type
    Dewey Decimal Classification     GRACE BIBLE COLLEGE GRACE BIBLE COLLEGE Ministry & Mission 2017-10-09   269.2092 COO 002178 2025-05-01 c.1 2017-10-09 Books
© Grace Bible College Library 2025